00441 a2200121 4500020002800000020003100028082001600059100001700075245011700092260005100209300003500260650002400295 a1420042769 (alk. paper) a9781420042764 (alk. paper) a624.151 HUN aHunt, Roy E. aCharacteristics of geologic materials and formations :ba field guide for geotechnical engineers /cRoy E. Hunt. aBoca Raton, FL :bCRC/Taylor & Francis,c2007. a387 p. :bill., maps ;c27 cm. aEngineering geology